000 00215nam a2200097Ia 4500
008 120527s9999 xx 000 0 und d
100 _aTIRAN,Denise.
245 _aMidwives dictionary.
260 _bELBS
942 _cBK
999 _c23579
_d23579